kolęda "Dzisiaj w Betlejem" - uzupełnianka - Statystyki

Ogólne statystyki
  • Ten quiz został rozwiązany 1 474 razy
  • Średni wynik to 8 z 16
Statystyki odpowiedzi
Tekst zwrotki % Poprawnych
Dzisiaj w Betlejem, dzisiaj w Betlejem {wesoła nowina},
99%
Chrystus się rodzi, nas {oswobodzi}, Anieli grają, króle witają,
94%
pasterze śpiewają, bydlęta klękają, {cuda, cuda} ogłaszają.
94%
że Panna czysta, że Panna czysta {porodziła} Syna.
93%
i Józef święty, i Józef święty Ono {pielęgnuje}.
88%
Maryja Panna, Maryja Panna Dzieciątko {piastuje},
87%
Przecież On wkrótce, przecież On wkrótce ludzi {oswobodzi}
80%
Choć w stajeneczce, choć w stajeneczce {Panna} Syna rodzi
76%
I dary Panu, i dary Panu {kosztowne} złożyli
31%
Pójdźmy też i my, pójdźmy też i my {przywitać} Jezusa
27%
I Trzej Królowie, i Trzej Królowie {od wschodu} przybyli
24%
{Bądźże} pochwalon, {bądźże} pochwalon dziś, nasz wieczny Panie
10%
Króla nad królmi, Króla nad królmi {uwielbić} Chrystusa
10%
Bądź {pozdrowiony}, bądź {pozdrowiony} Boże nieskończony
3%
{Któryś} złożony, {któryś} złożony na zielonym sianie
1%
Sławimy Ciebie, sławimy Ciebie, Boże {niezmierzony}
1%
Nie znaleziono quizów pasujących do podanych kryteriów
Rozkład punktacji
Procent ludzi z każdym wynikiem
Percentyl według liczby udzielonych odpowiedzi
Twoja historia wyników
Nie rozwiązałeś tego quizu